The palace of illusions : (Record no. 30511)

MARC details
000 -LEADER
fixed length control field 00824nam a22002297a 4500
005 - DATE AND TIME OF LATEST TRANSACTION
control field 20090919144344.0
008 - FIXED-LENGTH DATA ELEMENTS--GENERAL INFORMATION
fixed length control field 081006t xxu||||| |||| 00| f eng d
020 ## - INTERNATIONAL STANDARD BOOK NUMBER
Terms of availability 495.00
035 ## - SYSTEM CONTROL NUMBER
System control number B-358651
037 ## - SOURCE OF ACQUISITION
Source of stock number/acquisition UBH
040 ## - CATALOGING SOURCE
Original cataloging agency dpl
Language of cataloging English
082 ## - DEWEY DECIMAL CLASSIFICATION NUMBER
Classification number N
100 ## - MAIN ENTRY--PERSONAL NAME
Personal name Divakaruni, Chitra Banerjee
245 ## - TITLE STATEMENT
Title The palace of illusions :
Remainder of title a novel /
Statement of responsibility, etc by Chitra Banerjee Divakaruni
250 ## - EDITION STATEMENT
Edition statement 3rd repr.
260 ## - PUBLICATION, DISTRIBUTION, ETC. (IMPRINT)
Place of publication, distribution, etc London
Name of publisher, distributor, etc Picador
Date of publication, distribution, etc 2009
270 ## - ADDRESS
Address 20 New Wharf Road
City London
Postal code N1 9RR
300 ## - PHYSICAL DESCRIPTION
Extent xv,360p.
Dimensions 22cm. (Hb)
942 ## - ADDED ENTRY ELEMENTS (KOHA)
Source of classification or shelving scheme Dewey Decimal Classification
Item type English Books
Classification part N
Call number suffix DIV
Holdings
Withdrawn status Lost status Source of classification or shelving scheme Damaged status Not for loan Collection code Home library Current library Date acquired Source of acquisition Cost, normal purchase price Total Checkouts Full call number Barcode Date last seen Copy number Cost, replacement price Koha item type
    Dewey Decimal Classification     Fiction Janak Puri Janak Puri 19/09/2009 UBH/102/15.9.09/94/4.9.09/16.9.09 495.00   N DIV B-358651 28/06/2018 1 495.00 English Books

© Delhi Public Library
Hit Counter
free hit counter